000 00298 a2200109 4500
001 120149
020 _a978-85-7783048-0
040 _cEscola Canadense de Niteroi
100 _aSecretaria de Educação Básica
245 1 0 _aDiretrizes Curriculares Nacionais para a Educação Infantil
942 _cBK
999 _c120149
_d120149